De la victoria al concordato : (Record n. 26980)

Dettagli MARC
000 -LEADER
fixed length control field 00866nam a2200241 i 4500
003 - CONTROL NUMBER IDENTIFIER
control field IT-RoINE
005 - DATE AND TIME OF LATEST TRANSACTION
control field 20201009084928.0
008 - FIXED-LENGTH DATA ELEMENTS--GENERAL INFORMATION
fixed length control field 040212s2003 sp |r 001|||spa|d
020 ## - INTERNATIONAL STANDARD BOOK NUMBER
International Standard Book Number 847584510X
040 ## - CATALOGING SOURCE
Original cataloging agency SpMaBN
Transcribing agency SpMaBN IT-RoINE
Modifying agency IT-RoINE
100 1# - MAIN ENTRY--PERSONAL NAME
Personal name Martín de Santa Olalla Saludes, Pablo,
Dates associated with a name 1976- ‎
9 (RLIN) 28784
245 10 - TITLE STATEMENT
Title De la victoria al concordato :
Remainder of title las relaciones Iglesia-Estado durante el "primer franquismo" (1939-1953) /
Statement of responsibility, etc Pablo Martín de Santa Olalla Saludes.
260 ## - PUBLICATION, DISTRIBUTION, ETC. (IMPRINT)
Place of publication, distribution, etc Barcelona :
Name of publisher, distributor, etc Laertes,
Date of publication, distribution, etc 2003.
300 ## - PHYSICAL DESCRIPTION
Extent 267 p. ;
Dimensions 23 cm.
336 ## - CONTENT TYPE
Source rdacontent
Content type term text
337 ## - MEDIA TYPE
Source rdamedia
Media type term unmediated
338 ## - CARRIER TYPE
Source rdacarrier
Carrier type term volume
500 ## - GENERAL NOTE
General note En el lomo: 87.
500 ## - GENERAL NOTE
General note Incluye índice.
504 ## - BIBLIOGRAPHY, ETC. NOTE
Bibliography, etc Bibliografía: p. [247]-257.
650 #4 - SUBJECT ADDED ENTRY--TOPICAL TERM
9 (RLIN) 18225
Topical term or geographic name as entry element Iglesia y Estado
Geographic subdivision España
General subdivision Historia
Chronological subdivision 1939-1975
942 ## - ADDED ENTRY ELEMENTS (KOHA)
Item type Monografías
Dati di copia
Withdrawn status Lost status Damaged status Not for loan Home library Current library Date acquired Total Checkouts Full call number Barcode Date last seen Price effective from Koha item type
        Iglesia Nacional Española en Roma Iglesia Nacional Española en Roma 11/10/2018   HIS.ECL.ESP 543 52638 11/10/2018 11/10/2018 Monografías